Aikido : etiqueta y transmisión : manual para uso de los profesores /

Detalles Bibliográficos
Autor principal: Tamura, Nobuyoshi (Autor)
Otros Autores: Plaza Finis, Simone (Traductor)
Formato: Electrónico eBook
Lenguaje:español
francés
Publicado: [Barcelona] : Paidotribo, [2015]
Edición:1a edición.
Materias:
Acceso en línea:Digitalia Hispánica

MARC

LEADER 00000nam a2200000Ii 4500
001 DIGEDPBR0298
003 NyNyDIG
006 m o d
007 cr |||||||||||
008 260105s2015 sp ao o 000 0 spa d
035 |a (OCoLC)1570096550 
040 |a DGITA  |b eng  |e rda  |e pn  |c DGITA 
020 |a 9788499108674  |q ePub 
020 |z 9788480196505 
041 1 |a spa  |h fre 
050 1 4 |a GV1114.35 ebook 
100 1 |a Tamura, Nobuyoshi,  |e author. 
240 1 0 |a Aikido.  |l Spanish  |s (Plaza Finis) 
245 1 0 |a Aikido :  |b etiqueta y transmisión : manual para uso de los profesores /  |c Tamura Nobuyoshi ; traductor, Simone Plaza Finis. 
250 |a 1a edición. 
264 1 |a [Barcelona] :  |b Paidotribo,  |c [2015] 
300 |a 1 online resource :  |b illustrations, photographs. 
336 |a text  |b txt  |2 rdacontent 
337 |a computer  |b c  |2 rdamedia 
338 |a online resource  |b cr  |2 rdacarrier 
347 |a text file  |2 rdaft 
347 |b EPUB 
588 0 |a Online resource; title from ePub title page (Digitalia, viewed January 5, 2026) 
650 0 |a Aikido. 
700 1 |a Plaza Finis, Simone,  |e translator. 
700 1 |i Translation of:  |a Tamura, Nobuyoshi.  |t Aikido. 
791 2 |a Digitalia (Firm),  |e distributor. 
793 0 |g Digitalia eBook Collection:  |a Editorial Paidotribo 
776 0 8 |i Print version:  |a Tamura, Nobuyoshi.  |t Aikido.  |s Aikido. Spanish (Plaza Finis).  |b 1a edición, 4a reimpresión.  |d [Barcelona] : Paidotribo, [2015]  |z 9788480196505 
856 4 0 |3 Digitalia Hispánica  |u https://www.digitaliapublishing.com/a/159947/ 
910 |a Premium collection: 2026